| 000 | 00524cam a2200157 a 4500 | ||
|---|---|---|---|
| 082 |
_a297.124 _bMAR _cL-31, P-6 |
||
| 100 | 1 |
_aNumani, MUhammad Manzoor _947198 |
|
| 245 | 1 | 0 |
_aمعارف الحدیث _cby Mohammad Asif Kidwai. |
| 250 | _a1st ed. in Pakistan. | ||
| 260 |
_aLahore: _bUmar Farooq Acedemy _bdistributors, Siddiqi Trust, _c1983. |
||
| 300 |
_a320 P., _c23 cm. |
||
| 526 |
_a0 _b0 _c0 _d297_124000000000000_MAR |
||
| 650 | 0 |
_aHadith _xCriticism, interpretation, etc. _937275 |
|
| 650 | 0 |
_aMCE _9379 |
|
| 942 |
_2ddc _cBK |
||
| 999 |
_c550490 _d550490 |
||